les personnages de Undertale - Statistiques

Statistiques générales
  • Ce quiz a été pris 1 301 fois
  • Le résultat moyen est 10 sur 19
Statistiques - réponses
Hint Réponse % Correct
S Sans
96%
P Papyrus
93%
T Toriel
88%
A Asgore
83%
F Frisk
80%
U Undyne
80%
A Asriel
71%
M Mettaton
68%
F Flowey
67%
A Alphys
64%
C Chara
63%
G Gaster
38%
M Muffet
32%
N Napstablook
28%
M Monster Kid
17%
M(e) Mettaton Ex
11%
M(n) Mettaton Neo
10%
G Grillby
9%
O Omega Flowey
7%
Aucun quiz correspondant
Distribution des résultats
% des personnes avec chaque résultat
Percentile par nombre de réponses
Votre historique - résultats
Vous n’avez pas pris ce quiz